Acidente do Trabalho. Abordagem completa e atualizada

Detalles Bibliográficos
Autor principal: Vilela Vianna, Clùdia Salles
Formato: Libro
Lenguaje:portugués
Publicado: Brasil LTR Editora 2015
Materias:
Acceso en línea:Acceso restringido

MARC

LEADER 00000nam a22000007a 4500
005 20151104102516.0
007 cr|||| ||u|
008 151104s2015 bz ||||| |||| 00| 0 por d
020 |a 978-85-361-8555-2 
035 |a 12914 
040 |a vLex 
090 |c 5654  |d 5654 
100 1 |a Vilela Vianna, Clùdia Salles 
245 1 0 |a Acidente do Trabalho. Abordagem completa e atualizada  |h [Recurso electrn̤ico] /  |c Clùdia Salles Vilela Vianna  
256 |a Servicio en ln̕ea 
260 |a Brasil  |b LTR Editora  |c 2015 
300 |a 1 recurso electrn̤ico  
500 |a Esta obra trata da evoluȯ̂ histr̤ica, do acidente tp̕ico e dos nexos aplicados pelo INSS e previstos na Lei n. 8.213/91: nexo profissional (NP), nexo individual (NI) e nexo tčnico epidemiolg̤ico NTEP); e traz um entendimento detalhado da concausa, dos acidentes de trajeto e do formulr̀io CAT – Comunicaȯ̂ do Acidente do Trabalho, com abordagem sobre a obrigatoriedade de emissô e o conflito existente entre a lei ordinr̀ia e os atos normativos. Na sequn̊cia, trato da obrigaȯ̂ quanto ao cumprimento das normas de seguranȧ, por empregadores e empregados, bem como do procedimento administrativo para o reconhecimento do acidente de trabalho perante o INSS e toda a ilegalidade e inconstitucionalidade atualmente existentes, evidenciando a prt̀ica mantida pela autarquia federal ̉margem de toda e qualquer legislaȯ̂ vigente. Depois, informo sobre as aė̳s judiciais pertinentes (para caracterizaȯ̂ ou descaracterizaȯ̂ da natureza acidentr̀ia) e sobre os benefc̕ios pagos pelo INSS aos trabalhadores acidentados, com abordagem do inexistente, mas comumente invocado “limbo previdencir̀io”, bem como do serviȯ de reabilitaȯ̂ profissional. Abordo, tambm̌, todas as consequn̊cias trabalhistas que decorrem do acidente sofrido, com destaque para uma nova visô sobre as indenizaė̳s de natureza civil e aplicaȯ̂ da responsabilidade objetiva. Detalho ainda sobre o SAT – Seguro de Acidentes do Trabalho, as possibilidades de reenquadramento e reduȯ̂ da alq̕uota, as ilegalidades existentes nos Decretos ns. 6.042/07 e 6.957/ 09 e ofereȯ ampla informaȯ̂ sobre o FAP – Fator Acidentr̀io de Prevenȯ̂, pontuando suas inconstitucionalidades, ilegalidades e irregularidades. Por fim, trato das aė̳s regressivas previdencir̀ias, abordando a discussô sobre sua inconstitucionalidade e trazendo uma nova anl̀ise sobre a competn̊cia jurisdicional. O leitor encontrar ̀aqui, portanto, todos os assuntos pertinentes ao acidente de trabalho, inclusive com relaȯ̂ ao entendimento jurisprudencial dominante, possibilitando-lhe informaȯ̂ ampla e atualizada para uma melhor compreensô do tema e das consequn̊cias dele decorrentes. 
506 1 |a Contenido solo disponible en los productos indicad  |d vLex Global  |d vLex Global (Academic Edition, excluding Law Schools)  |d vLex Global (U.S. Academic Edition, Law Schools)  |d vLex Global (U.S. Academic Edition, excluding Law Schools)  |d vLex Global (Academic Edition, Law Schools) 
650 0 4 |a Administraci ̤pb︢lica  |z Brasil 
740 0 |a vLex libros (servicio en ln̕ea) 
856 4 0 |u http://vlex.com/source/acidente-do-trabalho-abordagem-completa-e-atualizada-12914  |z Acceso restringido 
942 |c BOOK 
999 0 |a  Public administration